000 00569nam a2200205 a 4500
001 000034910
005 20200930073959.0
008 100906s1969 ve 000 0 spa d
040 _aDO-SdBNP
_bspa
_cBNPHU
082 _aPa863.44
_bR628m
100 1 _aRoa Bastos, Augusto.
_944587
245 1 0 _aMoriencia / :
_bAugusto Roa Bastos.
260 _aCaracas :
_bMonte Avila Editores,
_c1969.
300 _a224 p. ;
_c19 cm.
490 1 _aPrisma
650 4 _aNovela paraguaya
_915048
650 4 _aLiteratura paraguaya
_915641
830 0 _aPrisma
_93770
049 _aBNPD
999 _c34401
_d34401